Centroamérica después de la crisis / Joan Botella, Josep Sanahuja, eds. ; Olivier Dabène ... [et al.]
ISBN:
84-7794-553-3
Descripción Física:
197 p. ; 23 cm
Colección:
Workshop Barcelona ; 8
MARC
| LEADER | 00000nam a2200000Ia 4500 | ||
|---|---|---|---|
| 001 | 17089 | ||
| 008 | 160829s1998 xx 000 0 cat d | ||
| 020 | |a 84-7794-553-3 | ||
| 080 | |a M-5-141 | ||
| 245 | |a Centroamérica después de la crisis / Joan Botella, Josep Sanahuja, eds. ; Olivier Dabène ... [et al.] | ||
| 260 | |a Barcelona: |b ICPS, |c 1998 | ||
| 300 | |a 197 p. ; |c 23 cm | ||
| 490 | |a Workshop Barcelona ; 8 | ||
| 590 | |a Referències bibliogràfiques. | ||
| 590 | |a Textos en castellà i francès, introducció en castellà | ||
| 650 | |a Democràcia |x Amèrica Central |9 34369 | ||
| 650 | |a Amèrica Central |x Política i govern |x S. XX |9 34370 | ||
| 700 | 1 | |a Botella, Joan |9 34371 | |
| 700 | |a Sanahuja, Josep M., ed. |9 34372 | ||
| 700 | 1 | |a Dabène, Olivier |9 34373 | |
| 710 | 2 | |a Institut de Ciències Polítiques i Socials (Barcelona, Catalunya) |9 55871 | |
| 901 | |a Arxiu | ||
| 942 | |n 1 | ||
| 952 | |0 0 |1 0 |4 0 |6 M5141 |7 1 |9 46484 |a Arxiu |b Arxiu |d 2016-12-01 |l 0 |o M-5-141 |p 17089 |r 2016-12-01 00:00:00 |w 2016-12-01 |y ARXIU | ||
| 999 | |c 50274 |d 50274 | ||